• 首页
  • 本馆介绍
  • 公告通知
  • 最新文献
  • 馆藏检索
  • 电子资源
  • 读者导购
  • 参考咨询
  • 我的图书馆
  • 登录
  • 详细信息显示
  • 放入我的书架
  • 预约/预借图书
  • 作者相关作品
  • 分类相关作品
  • 丛书相关作品
  • 出版社相关作品

书目信息

  • 表格格式
  • 工作单格式
  • 卡片格式
题名:
中小学体育教学评价的基本理论与实践
    
 
作者: 姚蕾 , 杨铁黎 编著
分册:  
出版信息: 北京   北京体育大学出版社  2004
页数: 202页
开本: 21cm
丛书名: 体育教学技能实用丛书
单 册:
中图分类: G633.96
科图分类:
主题词: 体育--教学评议--中小学 , 教学评议 , 体育
电子资源:
ISBN: 7-81100-227-2
000 01000oam2 2200277 450
001 002864276
005 20061101151204.35
010    @a7-81100-227-2@dCNY15.00
100    @a20050416d2004 em y0chiy0110 ea
101 0  @achi
102    @aCN@b110000
105    @ay z 000yy
200 1  @a中小学体育教学评价的基本理论与实践@9zhong xiao xue ti yu jiao xue ping jia de ji ben li lun yu shi jian@f姚蕾,杨铁黎编著
210    @a北京@c北京体育大学出版社@d2004
215    @a202页@d21cm
225 2  @a体育教学技能实用丛书
330    @a本书介绍了体育教学评价的相关概念、类型和特点;介绍了国内外体育教学评价的改革现状和动态;一般教学评价的基本原理;体育教学评价的国内外最常用的评价方法和手段等。
461  0 @12001 @a体育教学技能实用丛书
606 0  @a体育@x教学评议@x中小学
606 0  @a教学评议
606 0  @a体育
690    @aG633.96@v4
701  0 @a姚蕾@9yao lei@c(体育教学)@4编著
701  0 @a杨铁黎@9yang tie li@f(1958.5~)@4编著
801  0 @aCN@bNLC@c20061101
905    @a10447@dG633.96@e111
    
    中小学体育教学评价的基本理论与实践/姚蕾,杨铁黎编著.-北京:北京体育大学出版社,2004
    202页;21cm.-(体育教学技能实用丛书)
    
    
    ISBN 7-81100-227-2:CNY15.00
    本书介绍了体育教学评价的相关概念、类型和特点;介绍了国内外体育教学评价的改革现状和动态;一般教学评价的基本原理;体育教学评价的国内外最常用的评价方法和手段等。
●
相关链接 在E读中查询图书 在五车中查询图书 在当当中查询图书 在豆瓣中查询图书


正题名:中小学体育教学评价的基本理论与实践     索取号:G633.96/111         预约/预借

序号 登录号 条形码 馆藏地/架位号 状态 备注
1 0387517   203875173   第一样本阅览室/ [索取号:G633.96/111] 在馆    
2 0387518   203875182   第四借阅区/ [索取号:G633.96/111] 在馆    
3 0387519   203875191   第四借阅区/ [索取号:G633.96/111] 在馆    
4 0387520   203875208   第四借阅区/ [索取号:G633.96/111] 在馆    
5 0387521   203875217   第四借阅区/ [索取号:G633.96/111] 在馆    
唐山师范学院图书馆 欢迎您!
大连网信软件有限公司© 版权所有